Datum a čas kvízu
26.5
Celkem bodů
Celkový počet nahraných bodů na tomto kvízu bez doplňovacích otázek.
8.
Pořadí na kvízu
Konečné umístění týmu na tomto kvízu.
Zaznamenané odpovědi
# | Otázka | Odpověď | Body | Výsledky |
---|---|---|---|---|
1. | Minulý týden projednával Městs... | krabice od banánů, Lidl | 0 | |
2. | Slovenská vláda schválila plán... | medvěd | 0 | |
3. | Minulý týden vystoupila rovnou... | Dua Lipa; Na ostří nože | 0.5 | |
4. | Jak se jmenuje horská chata le... | Luční bouda | 1 | |
5. | Dvojnásobná grandslamová šampi... | Jiří Novák | 1 | |
6. | Fanoušci komiksů, sci-fi, fant... | cosplay | 1 | |
7. | Jak se jmenuje zvíře, které je... | Garfield | 1 | |
8. | Jedním z nejoblíbenějších komi... | 1C 2B 3D 4A | 1 | |
9. | Jak se jmenuje muž, který nakr... | Kája (Karel) Saudek | 1 | |
10. | V současné době vychází v komi... | Karel Jaromír Erben, Kytice | 1 |